|
|
|
|
| LEADER |
00000nam a2200000 a 4500 |
| 001 |
vtls010179270 |
| 003 |
SK-MaSNL |
| 005 |
20260301213118.0 |
| 007 |
co bg muuua |
| 008 |
180801s2010 xo odl fs 100 0 slo |
| 015 |
|
|
|a SNBS2010
|
| 020 |
|
|
|a 9788097031985
|q (elektronická kniha)
|
| 040 |
|
|
|a SNK
|b slo
|c SNK
|e AACR2
|
| 041 |
0 |
|
|a slo
|a cze
|
| 044 |
|
|
|a xo
|c SK
|
| 072 |
|
7 |
|a 656.2
|x Železničná doprava
|2 konspekt
|
| 080 |
|
|
|a 656.2
|2 2001
|
| 080 |
|
|
|a 621.39
|2 2001
|
| 080 |
|
|
|a 656.25
|2 2001
|
| 080 |
|
|
|a 654.9
|2 2001
|
| 080 |
|
|
|a (062.534)
|2 2001
|
| 080 |
|
|
|a (0.034.44)
|2 2001
|
| 111 |
2 |
|
|a Medzinárodná konferencia železničnej oznamovacej a zabezpečovacej techniky
|n (6. :
|d 2010 :
|c Vyhne, Slovensko)
|9 136727
|
| 245 |
1 |
0 |
|a 6. medzinárodná konferencia železničnej oznamovacej a zabezpečovacej techniky
|h elektronický zdroj
|b zborník, 10.-12. február 2010, Hotel Sitno, Vyhne
|
| 246 |
3 |
|
|a Šiesta medzinárodná konferencia železničnej oznamovacej a zabezpečovacej techniky
|
| 250 |
|
|
|a [1. vyd.]
|
| 260 |
|
|
|a [Zvolen]
|b BETAMONT
|c 2010
|
| 300 |
|
|
|a 1 elektronický optický disk (CD-ROM)
|b fotogr., grafy, sch., tab.
|c 12 cm
|
| 500 |
|
|
|a Názov z disku
|
| 516 |
|
|
|a Textový dokument (zborník), 2 súbory vo formáte pps a súbory vo formáte pdf
|
| 538 |
|
|
|a Technické požiadavky: prezentačný softvér, PDF prehliadač
|
| 546 |
|
|
|a Text čiast. slov. a čes.
|
| 650 |
0 |
7 |
|a železničná doprava
|2 SNKPH
|9 3185
|
| 650 |
0 |
7 |
|a oznamovacia technika
|2 SNKPH
|9 1533
|
| 650 |
0 |
7 |
|a zabezpečovacia technika
|2 SNKPH
|9 29322
|
| 650 |
0 |
7 |
|a signalizačné zariadenia
|2 SNKPH
|9 75654
|
| 650 |
0 |
7 |
|a Rail transport
|2 SNKPH
|9 275993
|
| 650 |
0 |
7 |
|a Communication engineering
|2 SNKPHeng
|9 349348
|
| 650 |
0 |
7 |
|a Security technology
|2 SNKPHeng
|9 310056
|
| 650 |
0 |
7 |
|a Signalling devices
|2 SNKPHeng
|9 351659
|
| 655 |
|
7 |
|a elektronické zdroje
|2 SNKPH
|9 90954
|
| 655 |
|
7 |
|a CD-ROM
|2 SNKPH
|9 70236
|
| 655 |
|
7 |
|a zborníky konferencií
|2 SNKPH
|9 70153
|
| 655 |
|
7 |
|a Electronic resources
|2 SNKPHeng
|9 175546
|
| 655 |
|
7 |
|a Proceedings of conferences
|2 SNKPHeng
|9 265791
|
| 919 |
|
|
|a 978-80-970319-8-5
|
| 999 |
|
|
|c 920521
|d 922451
|
| 952 |
|
|
|a SNK
|b SNK
|y PREZ
|7 0
|p 17A0675581
|o snkSCDM 3245
|i snk2010/22481
|8 0
|0 0
|1 0
|4 0
|d 2010-10-15
|l 0
|r 2026-02-24 08:13:49
|w 2026-02-24
|
| 952 |
|
|
|a SNK
|b SNK
|y PREZ
|7 0
|p 17A0675580
|o snkSCDM 3245 D1
|i snk2010/22482
|8 0
|0 0
|1 0
|4 0
|d 2010-10-15
|l 0
|r 2026-02-24 08:13:49
|w 2026-02-24
|